000 01074nam a22003377a 4500
003 CHAP
005 20220329133110.0
008 971013s1986 r 00010 d
010 _a2137
011 _a3109
035 _a2309
040 _cCHAP
082 _a636.089
_bR84
100 0 0 _aRuitenberg, E. J.
_9100595
245 _aLaboratory animals
_b: laboratory animal models for domestic animal production
260 _aAmsterdam :
_bElsevier,
_c1986
300 _a350 p.
_b: ilus.
490 _aWorld animal science C
_v; 2
500 _aD44-170
590 _aBATCH-UPD
_b10
_c20130110
_lUCH01
_h0223
590 _aBATCH-UPD
_b10
_c20130110
_lUCH01
_h2046
590 _aBATCH-UPD
_b10
_c20130410
_lUCH01
_h1359
590 _aCONVERSION
_b10
_c20130109
_lUCH01
_h1302
650 1 4 _aAnimales domesticos.
_95889
650 1 4 _aVeterinaria
_xLaboratorios.
_9119000
700 0 _aPeters, P. W. J.
_987597
830 0 _aWorld animal science C
_v; 2
_9122688
901 _aBK
942 _cLIBRO
949 _a636.089 R84
_bBC
_cLIBRO
_d-11809
_eLIBRO
_gI.156367
_h79601
_i2309
_si
_t833.00
999 _c2137
_d2137